Dzieje gospodarcze Polski w zarysie do 1989 r.

Bibliographic Details
Main Authors: Jezierski, Andrzej (Author), Leszczyńska, Cecylia (Author)
Format: Book
Language:Polish
PhysicalDescription:295 s. 24 cm
Published: Warszawa Key Text 1995
ISBN:8390166526
Edition:2. uzupeł. wyd.
Subjects:

MARC

LEADER 00000nam a2200000 a 4500
001 vtls001225067
003 SK-MaSNL
005 20260301234238.0
008 251124s1995 PL 0 pol
020 |a 8390166526  |c [140,00] 
035 |a SNK000171875 
040 |a SNK  |b slo  |c SNK  |e AACR2 
044 |a PL 
080 |a 338(438)(091)".../1989"  |2 1981 
100 1 |a Jezierski, Andrzej  |4 aut  |9 629965 
245 1 |a Dzieje gospodarcze Polski w zarysie do 1989 r.  |c Andrzej Jezierski, Cecylia Leszczyńska 
250 |a 2. uzupeł. wyd. 
260 |a Warszawa  |b Key Text  |c 1995 
300 |a 295 s.  |c 24 cm 
650 0 7 |a hospodárstvo národné  |z Poľsko  |x dejiny  |y do r. 1989  |2 SNK  |9 629966 
700 1 |a Leszczyńska, Cecylia  |4 aut  |9 629967 
919 |a 83-901665-2-6 
999 |c 969393  |d 971323 
952 |t P60, <04>, [BOOK], {604}  |a SNK  |b SNK  |y VYP  |7 0  |p 17A0023716  |o snkIC 126250  |i snkV 55/97  |0 0  |1 0  |4 0  |d 1996-12-17  |l 0  |r 2005-01-01 00:00:00  |w 2026-02-24